Statistieken voor Top 2000

Klik hier om de quiz te nemen!

Algemene statistieken

  • Deze quiz is 86 keer genomen
  • De gemiddelde score is 8 van 30

Antwoordstatistieken

HintAntwoord% Correct
32Queen
83%
30The Beatles
72%
24The Rolling Stones
60%
21Michael Jackson
55%
23ABBA
48%
11Metallica
36%
20Coldplay
34%
14Adele
31%
12Pink Floyd
31%
12Prince
31%
20U2
31%
12Marco Borsato
29%
23Bruce Springsteen
28%
19David Bowie
26%
17Blof
24%
14Dire Straits
24%
15Elvis Presley
21%
13George Michael
21%
12Ed Sheeran
16%
11Red Hot Chili Peppers
14%
13De Dijk
12%
11Elton John
12%
11Guns N' Roses
12%
19Fleetwood Mac
10%
10Kensington
10%
15Muse
10%
12Anouk
9%
12Bee Gees
5%
13Creedence Clearwater Revival
2%
11Superstramp
0%

Scoreverdeling

Percentiel versus Aantal Correcte Antwoorden

Procent van Mensen met Elke Score

Uw Scoregeschiedenis

U heeft deze quiz nog niet genomen